Triple "A" World Capitals - Statistics

General Stats
  • This quiz has been taken 34 times
  • The average score is 17 of 23
Answer Stats
Hint Answer % Correct
Cuba Havana
100%
Indonesia Jakarta
94%
Ethiopia Addis Ababa
91%
Turkey Ankara
91%
Panama Panama City
91%
El Salvador San Salvador
91%
Pakistan Islamabad
88%
Venezuela Caracas
85%
Guatemala Guatemala City
85%
Andorra Andorra la Vella
79%
Nicaragua Managua
79%
Madagascar Antananarivo
74%
Slovakia Bratislava
74%
Suriname Paramaribo
68%
Uganda Kampala
62%
Mongolia Ulaanbataar
62%
Yemen Sana'a
59%
Eritrea Asmara
56%
Bahrain Manama
56%
Turkmenistan Ashgabat
53%
Brunei Bandar Seri Begawan
44%
Sri Lanka Sri Jayawardenepura Kotte
44%
Kiribati South Tarawa
41%
No matching quizzes found
Score Distribution
Percent of People with Each Score
Percentile by Number Answered
Your Score History
You have not taken this quiz